000 00546nam a2200181Ia 4500
005 20250508155349.0
008 008 250505s9999 xx 000 0 hin d
037 _aBooks to be hide in OPAC
040 _aFEDL
_beng
_cFEDL
041 _ahin
_2hin
084 _a630.09599, SCA/O
_qFEDL
100 _aSakaf Alvin H
_9766912
245 0 _aPhilipian mein kirishi sudhar
260 _aBombay, India
_bPearl Publications Private Limited 
_c1959
300 _a164p.
942 _cHB
_h630.09599, SCA/O
999 _c1356298
_d1356298